00481nam a22001812 4500001001100000005001700011008004100028020001700069040001500086100003200101245004900133250001300182260003400195300001800229650002700247650002200274852000300296000002443420151217152302.0131016s xx 000 0 eng d a0198078862 : aKABUcKABU1 aRoday, Sunetra.@000018455110aFood science and nutrition /cSunetra Roday. a2nd ed. aNew Delhi :bO. U. P.,c2012. axxii, 408 p. 0aNutrition.@0000155604 0aFood.@00001565251